000 00646nam a2200133Ia 4500
008 100328s9999 xx 000 0 und d
082 _b58417
100 _aतोरडमल मधुकर-अनु.(मूळ लेखक-जेन ऑस्टिन)
245 _aसमज आणि उमज (प्राइज अँड प्रेज्यूडिस).
260 _bपद्मगंाा.
630 _aसमज आणि उमज (प्राइज अँड प्रेज्यूडिस).
730 _aसमज आणि उमज (प्राइज अँड प्रेज्यूडिस).
942 _cBOOK
999 _c544753
_d544750